=LDR 00000nam 2200000 4500 =001 INLIS000000000051182 =005 20170830111007 =035 ##$$a 0010-0817000365 =007 ta =008 170830###########################0###### =020 ##$$a 978-602-70454-5-3 =082 ##$$a 615.406 8 =084 ##$$a 615.406 8 CLA k =100 #$$a Claire Boyd =245 1#$$a Keterampilan Penatalaksanaan Obat untuk Perawat /$c Claire Boyd =260 ##$$a Jakarta :$b Bumi Medika,$c 2015 =300 ##$$a xxiii, 275 hlm : $b ilus. ; $c 21 cm =650 ##$$a Obat-Manjemen =700 #$$a Dwi Widiarti =520 ##$$a Bibliografi : hlm 263-268 Indeks : hlm 269-275 =990 ##$$a 99869986 =990 ##$$a 99869986 =990 ##$$a 99869986 =990 ##$$a 99869986 =990 ##$$a 99869986 =990 ##$$a 21704236 =990 ##$$a 01201709986 =990 ##$$a 01201709987 =990 ##$$a 01201709988 =990 ##$$a 01201709989 =990 ##$$a 21704237 =990 ##$$a 01201709986 =990 ##$$a 01201709987 =990 ##$$a 01201709988 =990 ##$$a 21704236 =990 ##$$a 21704238 =990 ##$$a 01201709986 =990 ##$$a 01201709987 =990 ##$$a 21704237 =990 ##$$a 21704236 =990 ##$$a 21704239 =990 ##$$a 01201709986 =990 ##$$a 21704238 =990 ##$$a 21704237 =990 ##$$a 21704236 =990 ##$$a 21704240 =990 ##$$a 21704239 =990 ##$$a 21704238 =990 ##$$a 21704237 =990 ##$$a 21704236